Servicios y prácticas del aborto.
Uloženo v:
| Médium: | Kniha |
|---|---|
| Jazyk: | španělština |
| Vydáno: |
Bogotá
Universidad Externado de Colombia
1994
|
| Témata: | |
| Tagy: |
Přidat tag
Žádné tagy, Buďte první, kdo vytvoří štítek k tomuto záznamu!
|
MARC
| LEADER | 00000nam a2200000 a 4500 | ||
|---|---|---|---|
| 001 | UCY7453 | ||
| 003 | CL-VaPUC | ||
| 005 | 20210709001814.0 | ||
| 008 | 950614e19940000ck 1 spa d | ||
| 999 | |c 382386 |d 382384 | ||
| 040 | |c Pontificia Universidad Católica de Valparaíso | ||
| 082 | 0 | 4 | |a 363.46 ENC 1994 |2 21 |
| 245 | 1 | 0 | |a Servicios y prácticas del aborto. |
| 260 | |a Bogotá |b Universidad Externado de Colombia |c 1994 | ||
| 300 | |a 79 páginas. | ||
| 518 | |p Encuentro de Investigadores sobre Aborto Inducido en América Latina y el Caribe, Bogotá, 15 al 18 de Noviembre de 1994 | ||
| 546 | |a En Español | ||
| 583 | |a last modification |c 19950614 00:00:00 |k Rodrigo Vera | ||
| 650 | 0 | 0 | |a Aborto |9 256680 |
| 650 | 0 | 7 | |a CONTROL DE LA NATALIDAD |2 CL-VaPUC |9 308234 |
| 650 | 0 | 0 | |a Aspectos económicos |9 255165 |
| 942 | |c BK |2 ddc | ||
| 945 | |a rbrito |d 19950614 00:00:00 | ||
| 952 | |0 0 |1 0 |2 ddc |4 0 |6 363_460000000000000_ENC_1994 |7 0 |8 P |9 504053 |a BIBEDU |b BIBEDU |c BIBEDU_PB |d 2020-01-23 |i 3088529 |o 363.46 ENC 1994 |p 3088529 |r 2024-01-25 |t 1 |w 2020-01-23 |y BK |k EDU | ||